| 000 | 00865cam a22002413a 4500 | ||
|---|---|---|---|
| 001 | 16408 | ||
| 003 | PGUSA | ||
| 005 | 20140828083341.0 | ||
| 008 | 050801s2005||||xxu|||||s|||||000 1 eng d | ||
| 040 |
_aPGUSA _beng |
||
| 042 | _adc | ||
| 050 | 4 | _aPR | |
| 100 | 1 |
_aZangwill, Israel, _d1864-1926 |
|
| 245 | 1 | 4 |
_aThe Grey Wig : _bStories and Novelettes _h[electronic resource] / _cIsrael Zangwill |
| 260 |
_bProject Gutenberg, _c2005 |
||
| 505 | 0 | _aThe grey wig -- Chassé-croisé -- The woman beater -- The eternal feminine -- The silent sisters -- The big bow mystery -- Merely Mary Ann -- The serio-comic governess. | |
| 506 | _aPublic domain in the USA. | ||
| 516 | _aElectronic text | ||
| 653 | _aGreat Britain -- Social life and customs -- Fiction | ||
| 830 | 0 |
_aProject Gutenberg _v16408 |
|
| 856 | 4 | 0 | _uhttp://www.gutenberg.org/ebooks/16408 |
| 942 | _cEB | ||
| 999 |
_c245663 _d245663 |
||